[Event "SVK-chT2D 2122"]
[Site "Slovakia"]
[Date "2021.11.14"]
[Round "4.8"]
[White "Ihnat, Marek"]
[Black "Dzupin, Dominik"]
[Result "1/2-1/2"]
[WhiteElo "2067"]
[BlackElo "1616"]
[PlyCount "60"]
[EventDate "2021.10.16"]
[EventType "team-tourn"]
[EventRounds "11"]
[EventCountry "SVK"]
[SourceTitle "EXT 2023"]
[Source "ChessBase"]
[SourceDate "2022.10.05"]
[SourceVersion "1"]
[SourceVersionDate "2022.10.05"]
[SourceQuality "1"]
[WhiteTeam "Michalovce Zemplin II"]
[BlackTeam "Moldava nad Bodvou"]
[WhiteTeamCountry "SVK"]
[BlackTeamCountry "SVK"]

1. e4 e5 2. Nf3 Nc6 3. Bb5 Bc5 4. c3 d6 5. h3 Nf6 6. 0-0 a6 7. Ba4 Bd7 8. Re1 Qe7 9. d4 Ba7 10. Bg5 h6 11. Bh4 0-0-0 12. Bxc6 Bxc6 13. d5 Bd7 14. a4 g5 15. Bg3 Nh5 16. Kh2 Nxg3 17. fxg3 g4 18. Nh4 Rdg8 19. Rf1 Qg5 20. Qe1 gxh3 21. gxh3 Rh7 22. Nf5 f6 23. Nd2 Bxf5 24. Rxf5 Qg6 25. Nf3 Rhg7 26. g4 Rh7 27. Qh4 Rf8 28. Qh5 Qg7 29. b4 c6 30. c4 cxd5 1/2-1/2